đź“–đź’¬ Paroles "L'Homme et son image" La Fontaine - Statistiques

Statistiques générales
  • Ce quiz a Ă©tĂ© pris 45 fois
  • Le rĂ©sultat moyen est 120 sur 219
Statistiques - réponses
Mots % Correct
d'
100%
homme
100%
Homme
100%
l'
100%
le
100%
N'
100%
s'
100%
Un
100%
un
100%
Ă 
91%
c'
91%
de
91%
est
91%
Est
91%
et
91%
Et
91%
Il
91%
il
91%
je
91%
Je
91%
les
91%
Les
91%
Mais
91%
ne
91%
se
91%
Se
91%
une
91%
ce
82%
On
82%
par
82%
qu'
82%
Qu'
82%
qui
82%
au
73%
aux
73%
Aux
73%
beau
73%
beau,
73%
des
73%
du
73%
eau.
73%
lui-
73%
mĂŞme.
73%
que
73%
Que
73%
son
73%
tous ;
73%
bien
64%
cet
64%
cette
64%
dans
64%
en
64%
oĂą
64%
peut
64%
pour
64%
quoi,
64%
ses
64%
tout
64%
aimait
55%
ces
55%
ĂŞtre
55%
fait
55%
plus
55%
sans
55%
si
55%
avec
45%
celui
45%
toujours
45%
veux
45%
y
45%
amoureux
36%
avoir
36%
dont
36%
mal
36%
monde.
36%
nos
36%
notre
36%
Notre
36%
pure
36%
sait,
36%
Tant
36%
va
36%
venir.
36%
voit,
36%
voit
36%
yeux
36%
Afin
27%
autrui ;
27%
chacun
27%
éviter
27%
femmes.
27%
formé
27%
lieux
27%
Narcisse ?
27%
Passait
27%
sont
27%
source
27%
accusait
18%
âme
18%
apercevoir
18%
aventure :
18%
cachés
18%
canal
18%
Canal,
18%
ceintures
18%
chez
18%
chimère
18%
confiner
18%
Conseillers
18%
content
18%
défauts
18%
écartés.
18%
erreur
18%
esprit
18%
extrĂŞme
18%
faux,
18%
imaginer,
18%
irrités
18%
légitimes.
18%
Livre
18%
logis,
18%
Marchands,
18%
Maximes.
18%
muets
18%
officieux
18%
osant
18%
partout
18%
peine.
18%
Pensent
18%
plaît
18%
poches
18%
Présentait
18%
profonde.
18%
quant
18%
rivaux,
18%
sort
18%
sottises
18%
trouve
18%
vaine.
18%
Vivant
18%
Dames ;
9%
entretenir.
9%
éprouver
9%
fâche ;
9%
galants,
9%
guérir,
9%
miroirs
9%
Miroirs
9%
parle
9%
Peintres
9%
quitte
9%
servent
9%
Aucun quiz correspondant
Distribution des résultats
% des personnes avec chaque résultat
Percentile par nombre de réponses
Votre historique - résultats
Vous n’avez pas pris ce quiz